OECD reviews of rural policy partnership in the United States
Salvato in:
| Natura: | Libro |
|---|---|
| Lingua: | inglese |
| Pubblicazione: |
Paris
OECD
1997
|
| Serie: | Territorial development
|
| Soggetti: | |
| Tags: |
Nessun Tag, puoi essere il primo ad aggiungerne!!
|
MARC
| LEADER | 00000nam a2200000 4500 | ||
|---|---|---|---|
| 001 | c119315 | ||
| 005 | 20221124073742.6 | ||
| 020 | |a 92-64-15467-1 | ||
| 041 | 0 | |a eng | |
| 044 | |a FR | ||
| 245 | 1 | 0 | |a OECD reviews of rural policy |b partnership in the United States |
| 264 | 1 | |a Paris |b OECD |c 1997 | |
| 300 | |a 147 s. | ||
| 490 | 1 | |a Territorial development | |
| 830 | 0 | |a Territorial development | |
| 610 | 2 | 0 | |a rozvoj regionálny |
| 610 | 2 | 0 | |a spoločnosti |
| 610 | 2 | 0 | |a spoločnosti obchodné |
| 610 | 2 | 0 | |a spoločnosti akciové |
| 610 | 2 | 0 | |a politika regionálna |
| 610 | 2 | 0 | |a USA |
| 610 | 2 | 0 | |a vidiek |